My year inside radical Islam a memoir

Đã lưu trong:
Chi tiết về thư mục
Tác giả chính: GARTENSTEIN-ROSS, Daveed
Định dạng: Sách
Ngôn ngữ:Tiếng Anh
Được phát hành: Penguin Book 2007
Các nhãn: Thêm thẻ
Không có thẻ, Là người đầu tiên thẻ bản ghi này!

MARC

LEADER 00000nam a22000007a 4500
008 201207b ||||| |||| 00| 0 eng d
020 |a 978-1-58542-611-9 
100 |a GARTENSTEIN-ROSS, Daveed. 
245 |a My year inside radical Islam  |b a memoir  |c Daveed Gartenstein-Ross 
260 |b Penguin Book  |c 2007  |h New York  |i 681603  |l BP170.5 .G16  |m Muslim converts – United States – Biography  |m Muslim converts from Judaism – United States – Biography  |m Muslims – United States  |m Islamic fundamentalism  |m Wahhabiyah 
942 |a lcc  |c BK  |e Yunusa, A. A.  |f 07/12/2020 
952 |0 0  |1 0  |2 lcc  |4 0  |7 0  |9 127  |a HOL  |b HOL  |c AF  |d 2020-12-07  |o BP170.5 .G16  |p 2020-0087  |w 2020-12-07  |y BK 
999 |c 42  |d 42